Sunderland players (2010-2020) - Statistics

General Stats
  • This quiz has been taken 14 times
  • The average score is 42 of 132
Answer Stats
Rank Player Positions Nationality Matches Goals (assists) Period % Correct
10 Jermain Defoe ST 87 34 (3) 2014-2017
82%
1 John O'Shea CB 226 4 (2) 2011-2018
82%
2 Lee Cattermole DM 183 3 (6) 2010-2018
82%
3 Sebastian Larsson CM 176 12 (14) 2011-2017
82%
4 Adam Johnson RW 122 19 (18) 2012-2016
73%
27 Costel Pantilimon GK 45 0 (0) 2014-2016
73%
127 El-Hadji Ba CM 1 0 (0) 2013-2014
73%
12 Fabio Borini LW 82 14 (4) 2013-2014, 2015-2017
73%
30 Jozy Altidore ST 42 1 (1) 2013-2015
73%
13 Patrick van Aanholt LB 82 8 (10) 2014-2017
73%
8 Simon Mignolet GK 90 0 (0) 2010-2013
73%
19 Vito Mannone GK 67 0 (0) 2013-2017
73%
16 Wes Brown CB 76 1 (1) 2011-2012, 2013-2016
73%
9 Billy Jones RB 87 3 (0) 2014-2018
64%
5 Jack Colback DM 113 4 (3) 2010-2014
64%
17 Lamine Koné CB 69 3 (1) 2015-2018
64%
11 Stéphane Sessègnon AM 87 17 (16) 2010-2014
64%
55 Sung-yueng Ki DM 27 3 (1) 2013-2014
64%
59 Adnan Januzaj RW 25 0 (3) 2016-2017
55%
38 Aiden McGeady LW 35 7 (5) 2017-2018
55%
42 Asamoah Gyan ST 34 10 (4) 2010-2012
55%
84 Ashley Fletcher ST 16 2 (2) 2017-2018
55%
73 Darren Bent ST 20 8 (0) 2010-2011
55%
23 David Vaughan DM 49 3 (1) 2011-2014
55%
65 DeAndre Yedlin RB 23 0 (1) 2015-2016
55%
24 Didier Ndong DM 49 1 (3) 2016-2018
55%
20 James McClean LM 59 7 (5) 2011-2013
55%
67 James Vaughan ST 23 2 (1) 2017-2018
55%
6 Phil Bardsley RB 109 7 (2) 2010-2014
55%
7 Steven Fletcher ST 94 23 (3) 2012-2016
55%
33 Wahbi Khazri LW 38 3 (1) 2015-2018
55%
21 Ahmed El Mohamady RB 56 1 (3) 2010-2013
45%
28 Bryan Oviedo LB 44 2 (5) 2016-2018
45%
14 Craig Gardner CM 81 11 (4) 2011-2014
45%
63 Jason Denayer CB 24 0 (0) 2016-2017
45%
69 Jeremain Lens RW 22 3 (3) 2015-2017
45%
35 Jordan Henderson DM 37 3 (3) 2010-2011
45%
44 Jordan Pickford GK 31 0 (0) 2015-2017
45%
22 Kieran Richardson LB 56 6 (5) 2010-2013
45%
86 Marcos Alonso LB 16 0 (1) 2013-2014
45%
49 Nicklas Bendtner ST 28 8 (5) 2011-2012
45%
80 Victor Anichebe ST 18 3 (0) 2016-2017
45%
115 Andy Reid LM 2 0 (0) 2010-2011
36%
15 Connor Wickham ST 79 11 (2) 2011-2015
36%
57 Danny Welbeck ST 26 6 (1) 2010-2011
36%
52 Darron Gibson CM 27 0 (0) 2016-2018
36%
62 Dong-won Ji ST 24 2 (2) 2011-2012, 2013-2014
36%
29 Duncan Watmore RW 43 3 (7) 2015-2018
36%
53 Fraizer Campbell ST 27 2 (1) 2010-2013
36%
18 Jack Rodwell CB 67 5 (1) 2014-2018
36%
94 Lee Camp GK 12 0 (0) 2017-2018
36%
40 Lynden Gooch RB 35 1 (4) 2016-2018
36%
58 Sebastián Coates CB 26 0 (1) 2014-2016
36%
85 Craig Gordon GK 16 0 (0) 2010-2012
27%
66 Donald Love RB 23 0 (3) 2016-2018
27%
43 Emanuele Giaccherini LM 32 4 (4) 2013-2015
27%
25 George Honeyman AM 48 6 (2) 2015-2018
27%
89 Jason Steele GK 15 0 (0) 2017-2018
27%
54 Joel Asoro RW 27 3 (1) 2016-2018
27%
78 John Mensah CB 18 0 (0) 2010-2011
27%
39 Jordi Gómez CM 35 4 (2) 2014-2016
27%
81 Josh Maja ST 17 1 (0) 2017-2018
27%
32 Michael Turner CB 39 0 (1) 2010-2012
27%
91 Ricardo Álvarez CM 13 0 (0) 2014-2015
27%
31 Santiago Vergini CB 42 0 (0) 2013-2015
27%
41 Steed Malbranque CM 35 0 (3) 2010-2011
27%
36 Yann M'Vila DM 37 1 (4) 2015-2016
27%
64 Younès Kaboul CB 24 0 (1) 2015-2017
27%
82 Alfred N'Diaye DM 16 0 (0) 2012-2013
18%
46 Anton Ferdinand CB 30 0 (0) 2010-2012
18%
50 Boudewijn Zenden LW 27 2 (3) 2010-2011
18%
105 Brendan Galloway CB 7 0 (0) 2017-2018
18%
61 Callum McManaman RW 24 1 (2) 2017-2018
18%
47 Carlos Cuéllar CB 30 1 (2) 2012-2014
18%
116 Craig Lynch LW 2 0 (0) 2010-2011
18%
92 Cristian Riveros DM 12 1 (0) 2010-2011
18%
34 Danny Graham ST 37 1 (1) 2012-2013, 2014-2016
18%
88 David Meyler CM 15 0 (0) 2010-2013
18%
126 Denver Hume LB 1 0 (0) 2017-2018
18%
74 Javier Manquillo RB 20 1 (0) 2016-2017
18%
93 Jonny Williams AM 12 1 (0) 2017-2018
18%
108 Kazenga LuaLua LW 6 0 (1) 2017-2018
18%
76 Keiren Westwood GK 19 0 (0) 2011-2012, 2013-2014
18%
77 Lewis Grabban ST 19 12 (0) 2017-2018
18%
48 Liam Bridcutt DM 30 0 (2) 2013-2015
18%
71 Marc Wilson CB 21 0 (0) 2017-2018
18%
95 Ola Toivonen ST 12 0 (2) 2015-2016
18%
60 Paddy McNair CB 25 5 (0) 2016-2018
18%
79 Papy Djilobodji CB 18 0 (0) 2016-2017
18%
130 Paulo da Silva CB 1 0 (0) 2010-2011
18%
131 Rees Greenwood AM 1 0 (0) 2015-2016
18%
109 Ryan Noble ST 5 0 (0) 2010-2012
18%
114 Sotiris Kyrgiakos CB 3 0 (0) 2011-2012
18%
26 Titus Bramble CB 47 1 (0) 2010-2013
18%
56 Tyias Browning CB 27 0 (0) 2017-2018
18%
100 Valentin Roberge CB 10 0 (1) 2013-2015
18%
70 Will Buckley RW 22 0 (2) 2014-2015
18%
37 Adam Matthews RB 35 1 (2) 2015-2016, 2017-2018
9%
122 Adam Mitchell RW 1 0 (0) 2012-2013
9%
104 Andrea Dossena LM 7 0 (0) 2013-2014
9%
83 Anthony Réveillère RB 16 0 (1) 2014-2015
9%
123 Bali Mumba RB 1 0 (0) 2017-2018
9%
124 Billy Knott CM 1 0 (0) 2012-2013
9%
125 Cabral DM 1 0 (0) 2013-2014
9%
110 Charalampos Mavrias RB 4 0 (0) 2013-2014
9%
96 Dame N'Doye ST 11 1 (0) 2015-2016
9%
51 Danny Rose LB 27 1 (1) 2012-2013
9%
117 Elliot Embleton AM 2 0 (0) 2017-2018
9%
101 Ethan Robson CM 9 0 (1) 2017-2018
9%
107 Ignacio Scocco ST 6 0 (0) 2013-2014
9%
97 Jake Clarke-Salter CB 11 0 (0) 2017-2018
9%
111 James McFadden CF 3 0 (0) 2012-2013
9%
68 Jan Kirchhoff DM 22 0 (0) 2015-2017
9%
118 Joleon Lescott CB 2 0 (0) 2016-2017
9%
112 Jordan Cook ST 3 0 (0) 2010-2011
9%
119 Kader Mangane CB 2 0 (0) 2012-2013
9%
128 Louis Laing CB 1 0 (0) 2010-2011
9%
98 Louis Saha ST 11 0 (0) 2012-2013
9%
129 Luke Molyneux RW 1 0 (0) 2017-2018
9%
120 Marcos Angeleri RB 2 0 (0) 2010-2011
9%
121 Martyn Waghorn ST 2 0 (0) 2010-2011
9%
87 Matthew Kilgallon CB 16 0 (0) 2011-2013
9%
113 Mikael Mandron ST 3 0 (0) 2012-2013, 2014-2015
9%
106 Modibo Diakité CB 7 0 (0) 2013-2014
9%
45 Nedum Onuoha CB 31 1 (1) 2010-2011
9%
72 Ondrej Celustka CB 21 0 (1) 2013-2014
9%
99 Ovie Ejaria LM 11 1 (0) 2017-2018
9%
75 Robbin Ruiter GK 20 0 (0) 2017-2018
9%
90 Steven Pienaar LM 15 0 (0) 2016-2017
9%
102 Sulley Muntari CM 9 0 (2) 2010-2011
9%
132 Tommy Robson LB 1 0 (0) 2015-2016
9%
103 Wayne Bridge LB 8 0 (0) 2011-2012
9%
No matching quizzes found
Score Distribution
Percent of People with Each Score
Percentile by Number Answered
Your Score History
You have not taken this quiz